00908nam a2200265 450000100060000000300080000600500170001400800390003102000220007003500190009204000260011104100130013708200230015010000330017324500710020625000120027726000390028930000250032850000390035350400200039265000600041294200120047299900170048495201410050132113BD-RjUL20211209051806.0140423s1936 stk d 001 0 eng a0567010015 (hbk.) a(BD-RjUL)32202 aBD-RjULbengcBD-RjUL0 aengagrc a225.4803bABM 19361 aAbbott-Smith, George.99774712aA manual Greek lexicon of the New Testament /cby G. Abbott-Smith. a3rd ed. aEdinburgh :bT. & T. Clark,c1936. axv, 512 p. ;c23 cm. aThis edition reprinted many times. aIncludes index. 0aGreek language, BiblicalvDictionariesxEnglish.997748 2ddccBK c32113d32113 00102ddc40718NFICaRUCLbRUCLcReadingd1969-08-12eZitlingerg71.00l0o225.4803 ABM 1936r2014-04-23 00:00:00tC-1w2014-04-23yBK